| 000 | 00787nam a2200265Ia 4500 | ||
|---|---|---|---|
| 003 | OSt | ||
| 005 | 20221005051535.0 | ||
| 006 | a|||||r|||| 00| 0 | ||
| 007 | ta | ||
| 008 | 221004b |||||||| |||| 00| 0 eng d | ||
| 020 |
_a9781474251556 (pbk) _cUKP 24.99 |
||
| 024 | _a29247 | ||
| 037 |
_b1246, 23/02/2017, Bright Book Service _cTextual |
||
| 040 |
_aCRL _cCRL _beng |
||
| 041 |
_2eng _aeng |
||
| 082 | _aQ2, Q7 | ||
| 100 |
_aFrazier Jessica _9454353 |
||
| 245 | 0 |
_aHindu worldviews _b theories of self, ritual and reality |
|
| 260 |
_aLondon _bBloomsbury UK _c2017 |
||
| 300 |
_axii,224p. _ccm. |
||
| 650 | _a RELIGION | ||
| 650 | _aHINDUISM | ||
| 942 |
_hQ2, Q7 _cTEXL _2cc |
||
| 999 |
_c958964 _d958964 |
||